000 00724nam a2200265Ia 4500
005 20260121170023.0
008 008 260114s9999 xx 000 0 eng d
020 _a9783319501376
037 _aEBOOK
040 _aCRL
040 _beng
040 _cCRL
041 _2eng
041 _aeng
084 _qCRL
100 _aChristian Bessiere, Luc De Raedt, Lars Kotthoff, Siegfried Nijssen, Barry O'Sullivan, Dino Pedreschi
_91058822
245 0 _aData Mining and Constraint Programming
260 _bSpringer
260 _bSpringer
260 _c2016
856 _uhttps://link.springer.com/openurl?genre=book&isbn=978-3-319-50137-6
942 _cEBOOK
999 _c1624551
_d1624551